000 00787cam a22002651 4500
008
020 _a246950411 (hbk.)
049 _aMAIN
090 _aQH308
_bJOH
100 1 _aJohnson, Willis H.
245 1 0 _aGeneral biology /
_cWillis H. Johnson, Richard A. Laubengayer and Louis E. DeLanney.
250 _aRev. ed.
260 _aNew York :
_bHolt, Rinehart and Winston,
_c1961.
300 _a655 p. :
_bill. ;
_c26 cm.
500 _aIncludes index.
504 _aIncludes bibliographical references.
650 0 _aBiology.
700 _aDeLanney, Louis E.
700 _aLaubengayer, Richard A.
907 _a.b10307497
_b17-07-12
_c09-02-12
003
005 20230123125403.0
040 _cNUST
942 _cBOOKS
_kQH308
_mJOH
999 _c140651
_d140651